Численный анализ движения частиц жидкости в криволинейных каналах; Интеллектуальные энергосистемы; Т. 2

গ্রন্থ-পঞ্জীর বিবরন
Parent link:Интеллектуальные энергосистемы: труды III Международного молодёжного форума, 28 сентября - 2 октября 2015 г., г. Томск/ Национальный исследовательский Томский политехнический университет (ТПУ).— , 2015
Т. 2.— 2015.— [С. 10-14]
প্রধান লেখক: Кондаков А. А. Александр Александрович
সংস্থা লেখক: Национальный исследовательский Томский политехнический университет (ТПУ) Энергетический институт (ЭНИН) Кафедра атомных и тепловых электростанций (АТЭС)
অন্যান্য লেখক: Матвеев А. С. Александр Сергеевич (научный руководитель), Шевелев С. А. Сергей Анатольевич, Беляев Л. А. Леонид Александрович
সংক্ষিপ্ত:Заглавие с титульного экрана
ভাষা:রুশ
প্রকাশিত: 2015
মালা:Повышение эффективности работы тепловых и атомных электростанций
বিষয়গুলি:
অনলাইন ব্যবহার করুন:http://earchive.tpu.ru/handle/11683/16267
http://www.lib.tpu.ru/fulltext/c/2015/C43/V2/003.pdf
বিন্যাস: MixedMaterials বৈদ্যুতিক গ্রন্থের অধ্যায়
KOHA link:https://koha.lib.tpu.ru/cgi-bin/koha/opac-detail.pl?biblionumber=615889

MARC

LEADER 00000naa2a2200000 4500
001 615889
005 20240111110035.0
035 |a (RuTPU)RU\TPU\conf\14122 
035 |a RU\TPU\conf\14120 
090 |a 615889 
100 |a 20151126d2015 k y0rusy50 ca 
101 0 |a rus 
102 |a RU 
105 |a y z 101zy 
135 |a drcn ---uucaa 
181 0 |a i  
182 0 |a b 
200 1 |a Численный анализ движения частиц жидкости в криволинейных каналах  |f А. А. Кондаков, А. С. Матвеев, С. А. Шевелев  |g науч. рук. Л. А. Беляев 
203 |a Текст  |c электронный 
225 1 |a Повышение эффективности работы тепловых и атомных электростанций 
300 |a Заглавие с титульного экрана 
320 |a [Библиогр.: с. 14 (4 назв.)] 
337 |a Adobe Reader 
461 1 |0 (RuTPU)RU\TPU\conf\13656  |t Интеллектуальные энергосистемы  |o труды III Международного молодёжного форума, 28 сентября - 2 октября 2015 г., г. Томск  |o в 3 т.  |f Национальный исследовательский Томский политехнический университет (ТПУ)  |d 2015 
463 1 |0 (RuTPU)RU\TPU\conf\13660  |t Т. 2  |v [С. 10-14]  |d 2015 
610 1 |a труды учёных ТПУ 
610 1 |a электронный ресурс 
610 1 |a численный анализ 
610 1 |a жидкости 
610 1 |a криволинейные каналы 
610 1 |a сепарационные устройства 
610 1 |a частицы 
610 1 |a движение 
700 1 |a Кондаков  |b А. А.  |c специалист в области теплоэнергетики  |c инженер Томского политехнического университета  |g Александр Александрович  |3 (RuTPU)RU\TPU\pers\35694 
701 1 |a Матвеев  |b А. С.  |c специалист в области теплоэнергетики  |c доцент Томского политехнического университета, кандидат технических наук  |f 1978-  |g Александр Сергеевич  |3 (RuTPU)RU\TPU\pers\25678  |9 11589 
701 1 |a Шевелев  |b С. А.  |c специалист в области теплоэнергетики  |c старший преподаватель Томского политехнического университета  |f 1983-  |g Сергей Анатольевич  |3 (RuTPU)RU\TPU\pers\25536  |9 11466 
702 1 |a Беляев  |b Л. А.  |c специалист в области теплоэнергетики  |c доцент Томского политехнического университета, кандидат технических наук  |f 1945-  |g Леонид Александрович  |4 727 
712 0 2 |a Национальный исследовательский Томский политехнический университет (ТПУ)  |b Энергетический институт (ЭНИН)  |b Кафедра атомных и тепловых электростанций (АТЭС)  |3 (RuTPU)RU\TPU\col\18683 
801 2 |a RU  |b 63413507  |c 20210210  |g RCR 
856 4 |u http://earchive.tpu.ru/handle/11683/16267 
856 4 |u http://www.lib.tpu.ru/fulltext/c/2015/C43/V2/003.pdf 
942 |c BK